000 00219nam a2200097Ia 4500
008 230915s9999 xx 000 0 und d
050 _aSB 91 .M2 C47 1986
100 _aJONES C.A.
245 0 _aCERES-MAIZE
942 _cBK
999 _c201668
_d201668